| 000 | 00785nam a22002057a 4500 | ||
|---|---|---|---|
| 999 |
_c2386 _d2386 |
||
| 003 | AR-CdUCM | ||
| 008 | 190304b ||||| |||| 00| 0 spa d | ||
| 040 |
_aMUNICIPALIDAD PROVINCIAL DEL CUSCO _cBIBLIOTECA MUNICIPAL DEL CUSCO |
||
| 082 |
_aC / 985.61 / _bCH43 |
||
| 100 |
_aHuarcaya Chevarria, Efrain _98571 |
||
| 245 |
_aMachupicchu : _bDevenir Historico y Cultural / |
||
| 260 |
_aCusco : _bUniversitaria, UNSAAC , _c1992. |
||
| 300 |
_a250 páginas ; _c21.5 cm. |
||
| 505 | _aVilcabamba - El valle de Urubamba -- Documentos del Siglo XVI -- El urbanismo en Machupicchu -- Ollantaytambo -- Santuario Historico de Machupicchu... | ||
| 650 |
_aUrbanismo Incaico _98572 |
||
| 650 |
_aMachupicchu _91751 |
||
| 650 |
_aArquitectura Incaica _98573 |
||
| 942 |
_2ddc _cLIBROS |
||
| 945 | _artm | ||